Indian Briefing,1987 (Record no. 5098)

MARC details
000 -LEADER
fixed length control field 00485cam a2200193ua 4500
001 - CONTROL NUMBER
control field 5949
005 - DATE AND TIME OF LATEST TRANSACTION
control field 20260515113946.0
008 - FIXED-LENGTH DATA ELEMENTS--GENERAL INFORMATION
fixed length control field 131029n ii |||gr||||Z||||||eng
020 ## - INTERNATIONAL STANDARD BOOK NUMBER
International Standard Book Number 19 562178 6
040 ## - CATALOGING SOURCE
Transcribing agency MAIN
082 ## - DEWEY DECIMAL CLASSIFICATION NUMBER
Classification number 954.035
245 11 - TITLE STATEMENT
Title Indian Briefing,1987
260 ## - PUBLICATION, DISTRIBUTION, ETC.
Place of publication, distribution, etc. Bombay:
Name of publisher, distributor, etc. Oxford University Press,
Date of publication, distribution, etc. 1987.
Place of publication, distribution, etc. Calcutta:
-- Madras:
300 ## - PHYSICAL DESCRIPTION
Extent vii,209p.
653 ## - INDEX TERM--UNCONTROLLED
Uncontrolled term History
653 ## - INDEX TERM--UNCONTROLLED
Uncontrolled term India Briefing,1987
700 1# - ADDED ENTRY--PERSONAL NAME
Personal name Bouton,Marshall,
Relator term Editor.,
942 ## - ADDED ENTRY ELEMENTS (KOHA)
Koha item type Books
Holdings
Withdrawn status Lost status Damaged status Not for loan Home library Current library Shelving location Date acquired Total checkouts Full call number Barcode Date last seen Copy number Price effective from Koha item type
        Naharkatiya College Library Naharkatiya College Library General stacks 09/19/2020   954.035 | IND 3693 09/19/2020 1 09/19/2020 Books